| 000 | nam a22 7a 4500 | ||
|---|---|---|---|
| 999 |
_c24871 _d24871 |
||
| 008 | 170130b xxu||||| |||| 00| 0 eng d | ||
| 020 | _a0536809992 | ||
| 050 | _aQA152.25 .B55 2004 | ||
| 100 | _aBlitzer,Robert | ||
| 245 |
_aCollege mathematics 1 / _cRobert Blitzter,edited by Brian K.Saltzer |
||
| 250 | _a2nd ed. | ||
| 260 |
_aBoston : _bPearson, Custom publishing, _cc2004 |
||
| 300 |
_axiii,368p. : _bill. ; _c28cm. |
||
| 500 | _aincludes index. | ||
| 700 | _aSaltzer,Brian K. | ||
| 942 |
_2lcc _cBOOKS _hQA152.25 .B55 2004 |
||